Germinal / (Record no. 330)

MARC details
000 -LÍDER
campo de controle de tamanho fixo 01795nam a2200349 4500
001 - NÚMERO DE CONTROLE
campo de controle 330
003 - IDENTIFICADOR DO NÚMERO DE CONTROLE
campo de controle OSt
005 - DATA E HORÁRIO DA ÚLTIMA TRANSAÇÃO
campo de controle 20250528074018.0
008 - CAMPO DE DADOS FIXOS--INFORMAÇÃO GERAL
campo de controle de tamanho fixo 250327b |||||||g |||| 00| 1 eng d
040 ## - FONTE DA CATALOGAÇÃO
Idioma da catalogação por
041 ## - CÓDIGO DE IDIOMA
Código do idioma do original e/ou traduções intermediárias do texto fre
Código do idioma do texto/trilha sonora ou título diferente por
082 ## - CDD - CLASSIFICAÇÃO DECIMAL DE DEWEY
Número de Classificação 843
Número do exemplar Z86g
100 1# - ENTRADA PRINCIPAL--NOME PESSOAL
Nome pessoal Zola, Émile,
Datas associadas ao nome 1840-1902
9 (RLIN) 678
240 ## - TÍTULO UNIFORME
Título uniforme Germinal
245 ## - TÍTULO
Título Germinal /
Indicação de responsabilidade, etc. Zola, Émile ; Tradução de Francisco Bittencourt
260 ## - PUBLICAÇÃO, DISTRIBUIÇÃO, ETC.
Local de publicação, distribuição, etc. São Paulo
Nome do editor, distribuidor, etc. Abril
Data da publicação, distribuição, etc. 1972
300 ## - DESCRIÇÃO FÍSICA
Extensão 537 p.
490 1# - TÍTULO DA SÉRIE
Título da série Os Imortais da Literatura Universal
Número do volume ou designação sequencial da série vol. 36
490 1# - TÍTULO DA SÉRIE
Título da série Os Rougon-Macquart
Número do volume ou designação sequencial da série vol. 13
520 ## - NOTA DE RESUMO, ETC.
Resumo, etc. Fundador e principal autor do naturalismo literário, Émile Zola levou a descrição realista a extremos de crueza, especialmente na denúncia das condições de trabalho da classe operária do século XIX. A estética naturalista do escritor, inspirada na filosofia positivista e na medicina da época, partia da convicção de que a conduta humana é determinada pela herança genética, pela filosofia das paixões e pelo ambiente. Germinal (1885) é universalmente considerada a obra-prima do autor. Foi a partir de Germinal - descrição das condições de vida sub-humanas numa comunidade de mineiros - , que Zola começou a destacar os elementos de opressão social como responsáveis pela paralisação moral da humanidade. Germinal é um romance poderoso escrito por um autor poderoso.
650 #0 - ASSUNTO--TERMO TÓPICO
Cabeçalho tópico ou nome geográfico Literatura francesa
9 (RLIN) 122
650 #0 - ASSUNTO--TERMO TÓPICO
Cabeçalho tópico ou nome geográfico Naturalismo
9 (RLIN) 679
650 #0 - ASSUNTO--TERMO TÓPICO
Cabeçalho tópico ou nome geográfico Histórico
9 (RLIN) 53
650 #0 - ASSUNTO--TERMO TÓPICO
Cabeçalho tópico ou nome geográfico Clássicos
9 (RLIN) 77
650 #0 - ASSUNTO--TERMO TÓPICO
Cabeçalho tópico ou nome geográfico Crítica social
9 (RLIN) 514
655 #0 - TERMO DE ÍNDICE--GÊNERO E FORMA
Gênero/forma/ou termo foco Romance
655 #0 - TERMO DE ÍNDICE--GÊNERO E FORMA
Gênero/forma/ou termo foco Ficção
700 ## - ENTRADA ADICIONADA - NOME PESSOAL
Nome pessoal Francisco Bittencourt
Função do autor por extenso Tradução
9 (RLIN) 680
830 ## - ENTRADA SECUNDÁRIA DE SÉRIE--TÍTULO UNIFORME
Título uniforme Os Imortais da Literatura Universal
9 (RLIN) 461
Número do volume ou designação sequencial da série vol. 36
830 ## - ENTRADA SECUNDÁRIA DE SÉRIE--TÍTULO UNIFORME
Título uniforme Os Rougon-Macquart
9 (RLIN) 681
Número do volume ou designação sequencial da série vol. 13
942 ## - ELEMENTOS DE ENTRADA ADICIONADOS (KOHA)
Fonte de classificação ou esquema de arquivamento Classificação decimal de Dewey
Ocultar no OPAC Não
Tipo de material Koha Livros
Holdings
Situação do descarte Situação das perdas Fonte de classificação ou esquema de arquivamento Status danificado Não pode ser emprestado Coleção Biblioteca de origem Biblioteca atual Localização na estante Data de aquisição Total de empréstimos Número de chamada completo Código de barras Data de último acesso Data do preço efetivo Tipo de material Koha
    Classificação decimal de Dewey     Ficção Biblioteca Professor Eduardo Afonso de Castro Biblioteca Professor Eduardo Afonso de Castro Literatura Estrangeira 27.03.2025   843 / Z86g 2025-17284 27.03.2025 27.03.2025 Livros

Powered by Koha